| 000 | 00496nam a22001817a 4500 | ||
|---|---|---|---|
| 008 | 230621b |||||||| |||| 00| 0 eng d | ||
| 020 | _a0-934570-08-5 | ||
| 040 |
_aNational Science Library _cNational Science Library |
||
| 080 |
_a626.022:681.7 _bM1 |
||
| 100 | 1 |
_aHackman, Donald J _912091 |
|
| 245 | _aUnderwater tools | ||
| 260 |
_aOhio: _bBattelle Press, _c1981 |
||
| 300 | _avii, 152p. | ||
| 650 | _aTools | ||
| 653 | _aUnderwater design | ||
| 700 | _aCaudy, Don W | ||
| 942 |
_2udc _cBK |
||
| 999 |
_c45719 _d45719 |
||